000 00530ntaaa2200205 4500
003 01
005 20251027203017.0
008 0714s1973 ag 01
020 _a84303015108
040 _aAR-BaBN
_bspa
_cAR-BaBN
_eaacr
_dRIC
082 _a473 B61d
100 _aBlánquez Fraile, Agustín
_931213
245 _aDiccionario latino-español /
_cAgustín Blánquez Fraile
250 _a5 ed.
260 _aBarcelona :
_bSopena,
_c1975
300 _a3 tomos ;
_c22 cm
650 _aLATIN
650 _aDICCIONARIOS
942 _cBK
999 _c25552
_d25552